000 01019pam a2200289 a 4500
001 3527294
005 20131102103500.0
008 961121s1997 enka rb 001 0 eng
010 _a 96049966
020 _a047196493X
020 _a9780471964933
040 _aDLC
_cDLC
_dDLC
050 0 0 _aTA1145
_b.B45 1997
082 0 0 _a629.04
_222
_bBEL
100 1 _aBell, Michael G. H.
_934353
245 1 0 _aTransportation network analysis /
_cMichael G.H. Bell, Yasunori Iida.
260 _aChichester ;
_aNew York :
_bJ. Wiley,
_cc1997.
300 _aix, 216 p. :
_bill. ;
_c25 cm.
504 _aIncludes bibliographical references (p. [209]-213) and index.
650 0 _aTransportation engineering.
_934354
653 _bCiv
_cNovember2013
655 _vreading book
_934232
700 1 _aIida, Yasunori.
_934355
856 4 2 _3Publisher description
_uhttp://www.loc.gov/catdir/description/wiley032/96049966.html
856 4 _3Table of Contents
_uhttp://www.loc.gov/catdir/toc/onix03/96049966.html
942 _2ddc
_cBB
999 _c17727
_d17699